000 00647nam a2200229Ia 4500
003 OSt
005 20221007073148.0
006 a|||||r|||| 00| 0
007 ta
008 221006b |||||||| |||| 00| 0 eng d
024 _a16,827
037 _cTextual
040 _aFLL
_cFLL
_beng
041 _2eng
_aeng
082 _aX:9582:Z2qN65, L7
100 _aSrivastava Kirpa Dayal Au.
_9691985
245 0 _aPayment of bonus act,1965
260 _aLucknow
_bEastern Book Co. India
_c1977
300 _axxxiii,531p
_ccm.
942 _hX:9582:Z2qN65, L7
_cTEXL
_2CC
999 _c1147856
_d1147856